000 00379cam a22001337a 4500
008 180718b1971 xxu||||| |||| 00| 0 eng d
082 _aT3103x54 R812
100 _aRoy, P.
245 _aCompany law & practice: an analytical study
_cby P. Roy and V.P. Arya
260 _aDelhi
_bOxford & IBH
_c1971
300 _a206p.
650 _aCorporation Law - India
700 _aArya, V.P.
999 _c352943
_d352943